| 000 | 00517 a2200169 4500 | ||
|---|---|---|---|
| 999 |
_c12107 _d12107 |
||
| 003 | OSt | ||
| 005 | 20231223160433.0 | ||
| 008 | 231223b ||||| |||| 00| 0 eng d | ||
| 020 | _a 978-8415391364 | ||
| 082 |
_a724 _bYAN |
||
| 100 |
_aMa, Yansong _d1975- |
||
| 245 |
_aMa Yansong : _bentre la modernidad (global) y la tradición (local) = from (global) modernity to (local) tradition |
||
| 260 |
_bFundación ICO _c2012 |
||
| 700 |
_aGras Balaguer, Menene _d1951- |
||
| 700 | _aMuseo Colecciones I.C.O | ||
| 942 | _2ddc | ||